ბათუმის შოთა რუსთაველის სახელმწიფო უნივერსიტეტის ბიბლიოთეკა

თხზულებათა სრული კრებული : (ბიბ.ჩანაწერი № 39961)

000 -ლიდერი
ფიქსირებული სიგრძის საკონტროლო ველი 01493nam a2200301Ia 4500
001 - საკონტროლო ნომერი
საკონტროლო ველი 6567
003 - საკონტროლო ნომრის იდენტიფიკატორი
საკონტროლო ველი GE_BSU
005 - ბოლო ოპერაციის თარიღი და დრო
საკონტროლო ველი 20191023173242.0
008 - ფიქსირებული სიგრძის მონაცემთა ელემენტები - ზოგადი ინფორმაცია
ფიქსირებული სიგრძის საკონტროლო ველი 181216s1940||||g |||||||||||||| ||geo||
040 ## - კატალოგიზაციის წყარო
Transcribing agency GE_BSU
041 ## - ენის კოდი
Language code of text/sound track or separate title geo
080 ## - უნივერსალური ათობითი კლასიფიკაციის ინდექსი
Universal Decimal Classification number 821.353.1-1 ბ-58
100 ## - მთავარი ჩანაწერი - პიროვნების სახელი
Personal name ბესიკი
9 (RLIN) 4960
245 ## - ცნობა სათაურის შესახებ
Title თხზულებათა სრული კრებული :
Remainder of title ტესტი, გამოკვლევა, შენიშვნები, ლექსიკონი /
Statement of responsibility, etc ბესიკი ; ბესარიონ გაბაშვილის, ალ. ბარამიძისა და ვ. თოფურიას რედაქციით.
250 ## - გამოცემის ცნობა
Edition statement მესამე გამოცემა
264 ## - წარმოების, გამოცემის, დისტრიბუციის და სხვა ცნობები
გამოცემის, წარმოების, დისტრიბუციის... ადგილი ტფილისი :
გამოცემის, წარმოების, დისტრიბუციის... სახელწოდება ფედერაცია ;
გამოცემის, წარმოების, დისტრიბუციის... თარიღი 1940.
300 ## - ფიზიკური აღწერა
Extent 236გვ;22სმ.
490 ## - სერიის ცნობა
Series statement ქართული კლასიკური მწერლობა
653 ## - INDEX TERM--UNCONTROLLED
Uncontrolled term თხზულებათა სრული კრებული
653 ## - INDEX TERM--UNCONTROLLED
Uncontrolled term ტესტი
653 ## - INDEX TERM--UNCONTROLLED
Uncontrolled term გამოკვლევა
653 ## - INDEX TERM--UNCONTROLLED
Uncontrolled term შენიშვნები
653 ## - INDEX TERM--UNCONTROLLED
Uncontrolled term ლექსიკონი
700 ## - ADDED ENTRY--PERSONAL NAME
Personal name გაბაშვილი, ბესარიონ
Relator term რედაქტორი
9 (RLIN) 4967
700 ## - ADDED ENTRY--PERSONAL NAME
Personal name ბარამიძე, ალ.
Relator term რედაქტორი
9 (RLIN) 4433
700 ## - ADDED ENTRY--PERSONAL NAME
Personal name თოფურია, ვ.
Relator term რედაქტორი
9 (RLIN) 1040
942 ## - ADDED ENTRY ELEMENTS (KOHA)
Koha item type წიგნი
Source of classification or shelving scheme
ეგზემპლარები
ჩამოწერის სტატუსი დაკარგული ეგზემპლარის სტატუსი კლასიფიკაციის წყარო ან თაროზე გაწყობის სქემა დაზიანების სტატუსი არ გაიცემა მუდმივი მდებარეობა (დაცვის ადგილი) ამჟამინდელი ადგილსამყოფელი თაროზე განთავსების ადგილი შეძენის თარიღი ღირებულება, შესყიდვის ნორმალური ფასი სრული შენახვის შიფრი შტრიხკოდი ბოლო ოპერაციის თარიღი ეგზემპლარის მიმდევრობითი ნომერი (კეტერი?) ფასის ძალაში შესვლის თარიღი ეგზემპლარის სახეობა საჯარო შენიშვნა
          ბათუმის შოთა რუსთაველის სახელმწიფო უნივერსიტეტის მთავარი ბიბლიოთეკა ბათუმის შოთა რუსთაველის სახელმწიფო უნივერსიტეტის მთავარი ბიბლიოთეკა წიგნსაცავი 2018-12-17 4.00 821.353.1-1 ბ-58 14223 2018-12-17 14223 2018-12-17 წიგნი 4.00 ლ.